Introduction to management science : quantitative approaches to decision making (Record no. 18374)

MARC details
000 -LEADER
fixed length control field 00676nam a2200205Ia 4500
008 - FIXED-LENGTH DATA ELEMENTS--GENERAL INFORMATION
fixed length control field 220501s2019 xx 000 0 eng d
020 ## - INTERNATIONAL STANDARD BOOK NUMBER
International Standard Book Number 9788131518342
082 ## - DEWEY DECIMAL CLASSIFICATION NUMBER
Classification number 658.403 AND-I
100 ## - MAIN ENTRY--PERSONAL NAME
Personal name Anderson, David a.
245 #0 - TITLE STATEMENT
Title Introduction to management science : quantitative approaches to decision making
Statement of responsibility, etc David A. Anderson, Dennis J. Sweeney and Thomas A. Williams
250 ## - EDITION STATEMENT
Edition statement 13th
260 ## - PUBLICATION, DISTRIBUTION, ETC. (IMPRINT)
Place of publication, distribution, etc Andover
Name of publisher, distributor, etc Cengage
Date of publication, distribution, etc 2019
300 ## - PHYSICAL DESCRIPTION
Extent / Pages xxx; 816p.
650 ## - SUBJECT ADDED ENTRY--TOPICAL TERM
Topical term or geographic name as entry element Management science
650 ## - SUBJECT ADDED ENTRY--TOPICAL TERM
Topical term or geographic name as entry element Management science - Mathematical models
650 ## - SUBJECT ADDED ENTRY--TOPICAL TERM
Topical term or geographic name as entry element Operations Management
700 ## - ADDED ENTRY--PERSONAL NAME
Personal name Sweeney, Dennis J.
700 ## - ADDED ENTRY--PERSONAL NAME
Personal name Williams, Thomas A.
942 ## - ADDED ENTRY ELEMENTS (KOHA)
Source of classification or shelving scheme
Koha item type Books
942 ## - ADDED ENTRY ELEMENTS (KOHA)
-- 23
Holdings
Withdrawn status Lost status Source of classification or shelving scheme Damaged status Not for loan Home library Current library Date acquired Source of acquisition Cost, normal purchase price Full call number Barcode Date last seen Copy number Bill Date Koha item type Bill Number Total Checkouts Total Renewals Date last borrowed
          SOBD Library SOBD Library 08/03/2019 Vedi Books 543.32 658.403 AND-I1 000332 18/11/2022 1 27/02/2019 Reference Books 1149      
          SOBD Library SOBD Library 08/03/2019 Vedi Books 543.32 658.403 AND-I2 000333 09/12/2025 2 27/02/2019 Books 1149 7 1 01/12/2025
          SOBD Library SOBD Library 08/03/2019 Vedi Books 543.32 658.403 AND-I3 000334 04/12/2025 3 27/02/2019 Books 1149 9 3 01/12/2025
          SOBD Library SOBD Library 08/03/2019 Vedi Books 543.32 658.403 AND-I4 000335 18/12/2025 4 27/02/2019 Books 1149 9 7 21/11/2025
          SOBD Library SOBD Library 08/03/2019 Vedi Books 543.32 658.403 AND-I5 000336 04/12/2025 5 27/02/2019 Books 1149 10 5 26/11/2025
Hosted, Implemented, Customized & Maintained by: BestBookBuddies

Powered by Koha